| 000 | | | 05185cbc2a2200289#x 450 |
| 001 | | | 32b22e99-b7a6-4f63-8730-82f8ac4cc101 |
| 005 | | | 20180820154218.0 |
| 100 | ## | $a | 20130529l18951895k y0rusy50 ca |
| 101 | 0# | $a | rus |
| 102 | ## | $a | RU |
| 105 | ## | $a | y z ||||| |
| 122 | 0# | $a | d18950826 |
| 200 | 1# | $a | Толстого Льва Николаевича |
| | $j | 26 августа 1895 |
| 215 | ## | $a | 2 листа |
| 251 | ## | $c | Дело |
| 300 | ## | $a | Заголовок дела на папке: Письмо Толстого Льва Николаевича Кони А. Ф. |
| 300 | ## | $a | Рукописный текст |
| 324 | ## | $a | В деле имеются копии |
| 330 | ## | $a | Переписка А. Ф. Кони; Письма к А. Ф. Кони |
| 461 | #0 | $1 | 0013a54f2e3-e9cf-409b-80fa-f0a9bd3c40cb |
| | $1 | 2001 |
| | $a | Кони Анатолий Федорович, юрист, литератор, член академии наук, председатель Санкт-Петербургского окружного суда, член государственного совета |
| | $1 | 251 |
| | $c | Фонд |
| | $1 | 852 |
| | $j | 564 |
| 462 | #0 | $1 | 00178a475cd-a47d-4377-bff3-cee4b81de655 |
| | $1 | 2001 |
| | $a | Опись дел фонда А. Ф. Кони за 1880-1931 гг. |
| | $v | Д. 3443 |
| | $1 | 251 |
| | $c | Опись |
| | $1 | 852 |
| | $j | 1 |
| 517 | 1# | $a | Письмо Толстого Льва Николаевича Кони А. Ф. |
| 801 | #0 | $a | RU |
| | $b | GA_RF |
| 801 | #1 | $a | RU |
| | $b | НПО Опыт |
| | $c | 20130529 |
| | $2 | rusmarc |
| 801 | #2 | $a | RU |
| | $b | ПБ им. Б.Н. Ельцина |
| | $c | 20130827 |
| | $g | RCR |
| | $2 | rusmarc |
| 852 | ## | $a | ГА РФ |
| | $j | 3443 |
| 937 | ## | $d | 31030095 |
| | $h | ПБ |
| 035 | ## | $a | RuPRLIB51005502 |
| 600 | #1 | $2 | nlr_sh |
| | $3 | RU\NLR\AUTH\66730813 |
| | $a | Толстой |
| | $g | Лев Николаевич |
| | $b | Л.Н. |
| | $f | 1828 - 1910 |
| | $j | Переписка |
| 600 | #1 | $2 | nlr_sh1 |
| | $3 | RU\NLR\AUTH\66567267 |
| | $a | Кони |
| | $g | Анатолий Федорович |
| | $b | А.Ф. |
| | $f | 1844 - 1927 |
| | $j | Переписка |
| 686 | ## | $2 | rubbk |
| | $a | 63.3(2)522 |
| | $v | LBC/M |
| 686 | ## | $a | 63.3(2)53 |
| | $v | LBC/M |
| | $2 | rubbk |
| 605 | ## | $2 | acquisition_Prlib |
| | $3 | LIBNET\UAF\0000073781 |
| | $a | Л. Н. Толстой |
| | $l | коллекция |
| 605 | ## | $2 | acquisition_Prlib |
| | $3 | DITM\AF\0000003834 |
| | $a | Народ |
| | $l | коллекция |
| 605 | ## | $2 | acquisition_Prlib |
| | $3 | DITM\AF\0000002775 |
| | $a | Власть |
| | $l | коллекция |